Españoles sobre todo (Record no. 173914)
[ view plain ]
| 000 -LEADER | |
|---|---|
| campo de control de longitud fija | 00784namaa2200181 i 4500 |
| 001 - NÚMERO DE CONTROL | |
| campo de control | 173914 |
| 003 - IDENTIFICADOR DE NÚMERO DE CONTROL | |
| campo de control | ES-MaACL |
| 005 - FECHA Y HORA DE LA ÚLTIMA TRANSACCIÓN | |
| campo de control | 20251015162938.0 |
| 008 - DATOS DE LONGITUD FIJA--INFORMACIÓN GENERAL | |
| campo de control de longitud fija | 100128s1847 sp |||| | spa d |
| 040 ## - FUENTE DE CATALOGACIÓN | |
| Centro catalogador/agencia de origen | SpMaBN |
| Lengua de catalogación | spa |
| Centro/agencia transcriptor | PAB |
| 100 1# - ENTRADA PRINCIPAL--NOMBRE DE PERSONA | |
| Nombre de persona | Asquerino, Eusebio, |
| Fechas asociadas al nombre | 1822-1892 |
| 9 (RLIN) | 23643 |
| 245 10 - MENCIÓN DEL TÍTULO | |
| Título | Españoles sobre todo |
| Resto del título | : segunda parte : drama en tres actos y en verso / |
| Mención de responsabilidad, etc. | por Eusebio y Eduardo Asquerino. |
| 260 ## - PUBLICACIÓN, DISTRIBUCIÓN, ETC. | |
| Lugar de publicación, distribución, etc. | Madrid : |
| Nombre del editor, distribuidor, etc. | [s.n.], |
| Fecha de publicación, distribución, etc. | 1847 ( |
| Fabricante | Imp. de José de Rojas) |
| 300 ## - DESCRIPCIÓN FÍSICA | |
| Extensión | 99 p. ; |
| Dimensiones | 17 cm. |
| 700 1# - ENTRADA AGREGADA--NOMBRE PERSONAL | |
| Nombre de persona | Asquerino, Eduardo, |
| Fechas asociadas al nombre | 1826-1881 |
| 9 (RLIN) | 23642 |
| 852 ## - LOCALIZACIÓN | |
| Ubicación | ES-MaACL |
| Número de control de estantería | F-8628(9) |
| Nota libre | .- Enc. pasta española |
| condición física | .- Falto de la cub. original |
| Nota libre | .- Enc. en un vol. facticio formando parte de la col. facticia "Teatro español moderno", vol. 82 |
| Estatus retirado | Estado de pérdida | Estado de daño | No para préstamo | Colección | Biblioteca de origen | Biblioteca actual | Ubicación en estantería | Fecha de adquisición | Fuente de adquisición | Total de préstamos | Signatura topográfica completa | Código de barras | Visto por última vez | Precio de reemplazo | Tipo de ítem Koha |
|---|---|---|---|---|---|---|---|---|---|---|---|---|---|---|---|
| Libros del s. XIX | Biblioteca del Ateneo de Madrid | Biblioteca del Ateneo de Madrid | Sala Pecera Planta 2 | 29/01/2010 | F-8628(9) | 1182558 | 23/02/2023 | 23/02/2023 | Libro impreso antiguo |
